000 00439nam a22001577a 4500
999 _c9272
_d9272
003 GBCCL
005 20241126110708.0
008 220711b ||||| |||| 00| 0 eng d
040 _cgbc
082 _a248
_bSER
245 _aServientes Deo :
_ba monumental book of Student's Evangelical Fellowship 1975-1995
260 _aLamka :
_bAllumimStudent's Evangel,
_c2022
300 _a202p. ;
650 _aChristian life
_9183
942 _2ddc
_cBK